[Event "Let's Play Chess!"]
[Site "http://www.queenalice.com/game.php?id=1873483"]
[Date "2026.5.16"]
[Round "-"]
[White "Capixabba789"]
[Black "alow_proton"]
[Result "0-1"]
[WhiteElo "1801"]
[BlackElo "2067"]

1. d4 d5 2. f4 Nf6 3. Nf3 e6 4. e3 c5 5. Be2 Nc6 6. O-O Bd6 7. c3 c4 8. Bd2 O-O
9. a4 Na5 10. Na3 Nb3 11. Rb1 a6 12. Ne5 Ne4 13. Bc1 Qa5 14. Naxc4 dxc4 15. Nxc4
Qc7 16. Qxb3 Nf6 17. Bf3 Be7 18. Ne5 Rb8 19. Qc2 b5 20. axb5 axb5 21. g4 Bb7 22.
Bxb7 Rxb7 23. Bd2 Rc8 24. g5 Ne8 25. e4 f6 26. Ng4 b4 27. gxf6 Nxf6 28. Nxf6+
Bxf6 29. e5 Be7 30. Rf3 b3 31. Qe4 g6 32. Rg3 Kh8 33. c4 Qc6 34. d5 exd5 35.
cxd5 Qc5+ 36. Be3 Qc2 37. Qxc2 bxc2 38. Rc1 Rxb2 39. Rg2 Ba3 40. h3 Bc5 41. Bxc5
Rxc5 42. d6 Rb1 43. Rxc2 Rxc1+ 44. Rxc1 Rxc1+ 45. Kf2 Rd1 46. Ke2 Rd5 47. Ke3
Kg7 48. Ke4 Rd1 49. f5 Kf7 50. e6+ Ke8 51. d7+ Ke7 52. Ke5 gxf5 53. Kxf5 Rd3 54.
h4 Rd5+ 55. Ke4 Kxe6 56. d8=N+ Rxd8 0-1

[Event "Let's Play Chess!"]
[Site "http://www.queenalice.com/game.php?id=1873490"]
[Date "2026.5.18"]
[Round "-"]
[White "alow_proton"]
[Black "Capixabba789"]
[Result "1-0"]
[WhiteElo "2068"]
[BlackElo "1841"]

1. e4 e5 2. f4 d5 3. exd5 Qxd5 4. Nc3 Qd8 5. fxe5 h5 6. Nf3 Be7 7. Bc4 Nh6 8.
O-O Nf5 9. d4 Nc6 10. d5 Nb8 11. Bd3 a5 12. Be4 Na6 13. Qe2 Nc5 14. Bxf5 Bxf5
15. d6 cxd6 16. Rd1 O-O 17. Nd4 Bg4 18. Nf3 Qb6 19. Nd5 Rfe8 20. Nxb6 1-0

[Event "Let's Play Chess!"]
[Site "http://www.queenalice.com/game.php?id=1873491"]
[Date "2026.5.18"]
[Round "-"]
[White "Capixabba789"]
[Black "alow_proton"]
[Result "0-1"]
[WhiteElo "1796"]
[BlackElo "2072"]

1. e4 c5 2. d4 cxd4 3. Qxd4 Nc6 4. Qd1 Nf6 5. Bd3 e5 6. Nf3 Bc5 7. c3 h6 8. O-O
O-O 9. Be3 Bxe3 10. fxe3 d6 11. Nbd2 a6 12. Nc4 b5 13. Ncd2 Qb6 14. Qe2 Bg4 15.
Qf2 Bh5 16. Rfe1 Bg6 17. Nf1 Na5 18. Ng3 Nc4 19. b3 Ng4 20. Qe2 Ncxe3 21. Kh1
Rac8 22. h3 Rxc3 23. Rac1 Rxc1 24. Rxc1 Nf6 25. Re1 Nxg2 26. Kxg2 Nd7 27. Nh4
Bh7 28. Nhf5 Nf6 29. Ne7+ Kh8 30. Ngf5 Ng8 31. Qg4 g6 32. Nd5 gxf5 33. exf5 Qd8
34. Kh2 Nf6 35. Nxf6 Qxf6 36. Be4 Rg8 37. Qh5 Rg5 38. Qd1 Bxf5 39. Bxf5 Rxf5 40.
Qd5 Rg5 41. Qd2 d5 42. Re2 e4 43. Rf2 Qe5+ 44. Qf4 Qxf4+ 45. Rxf4 f5 0-1

[Event "Let's Play Chess!"]
[Site "http://www.queenalice.com/game.php?id=1873540"]
[Date "2026.5.22"]
[Round "-"]
[White "alow_proton"]
[Black "Capixabba789"]
[Result "1-0"]
[WhiteElo "2082"]
[BlackElo "1788"]

1. e4 e5 2. f4 exf4 3. Nf3 d6 4. Bc4 Be7 5. O-O Nf6 6. Nc3 Nc6 7. d4 O-O 8. Bxf4
a6 9. a3 Bd7 10. b4 Na7 11. e5 dxe5 12. Nxe5 Bf5 13. Bg5 Bxc2 14. Qd2 Bg6 15.
Ne2 Ne4 16. Bxe7 Nxd2 17. Bxd8 Nxf1 18. Bg5 Nxh2 19. Kxh2 Nc8 20. Rf1 Nd6 21.
Bb3 Ne4 22. Bc1 c6 23. Rf4 Rad8 24. Nxg6 hxg6 25. Rxe4 Rfe8 26. Rxe8+ Rxe8 27.
Bc4 b5 28. Bd3 f5 29. g3 Kf7 30. Kg2 Ra8 31. Bd2 Re8 32. Kf3 Kf6 33. Nf4 Rd8 34.
Bc3 Rh8 35. d5+ 1-0

[Event "Let's Play Chess!"]
[Site "http://www.queenalice.com/game.php?id=1873608"]
[Date "2026.5.22"]
[Round "-"]
[White "Capixabba789"]
[Black "alow_proton"]
[Result "1-0"]
[WhiteElo "1865"]
[BlackElo "2065"]

1. d4 d5 2. e3 Nf6 3. Nf3 Bg4 4. Be2 e6 5. c3 c5 6. O-O c4 7. Ne5 Bxe2 8. Qxe2
Bd6 9. f4 O-O 10. Nd2 Nbd7 11. Ndf3 Ne8 12. Bd2 f6 13. Ng4 a6 14. b4 b5 15. a3
Nb6 16. e4 Qd7 17. e5 fxe5 18. fxe5 Be7 19. Bg5 Nc7 20. Bxe7 Qxe7 21. Rac1 Rf7
22. Ne3 Raf8 23. Kh1 Na4 24. Nd2 Nb2 25. Rxf7 Rxf7 26. Rf1 Nd3 27. Rxf7 Qxf7 28.
Qf3 Ne8 29. Qxf7+ Kxf7 30. Nf3 h6 31. Kg1 Kg6 32. Kf1 Kh5 33. g4+ Kg6 34. h4 Nf4
35. h5+ Kf7 36. Kf2 g6 37. hxg6+ Kxg6 38. Ng2 Nh3+ 39. Ke2 Ng5 40. Ngh4+ Kh7 41.
Nxg5+ hxg5 42. Nf3 Kg6 43. Ke3 Nc7 44. Nh2 Na8 45. Nf1 Nb6 46. Ng3 Na4 47. Kd2
Nb2 48. Nh5 Nd3 49. Ke3 Nc1 50. Kd2 Nd3 51. Nf6 Nf2 52. Ke2 Nd3 53. Nd7 Nb2 54.
Nb8 Na4 55. Kd2 Nb2 56. Nxa6 Nd3 57. Nc7 Kf7 58. Nxb5 Nf2 59. a4 Ke7 60. a5 Kd7
61. a6 Kc6 62. a7 Kb7 63. Ke2 Nxg4 64. Kf3 Nh6 65. Kg3 Ka8 66. Nc7+ Kxa7 67.
Nxe6 g4 68. Nc7 Kb7 69. Nxd5 Kc6 70. Ne3 Kb5 71. Nxg4 1-0

[Event "Let's Play Chess!"]
[Site "http://www.queenalice.com/game.php?id=1873804"]
[Date "2026.5.22"]
[Round "-"]
[White "WoodpusherKid"]
[Black "alow_proton"]
[Result "1-0"]
[WhiteElo "2741"]
[BlackElo "2008"]

1. d4 d5 2. Nf3 Nf6 3. c4 c6 4. e3 Bg4 5. Nc3 e6 6. h3 Bh5 7. g4 Bg6 8. Ne5 Nbd7
9. Nxg6 hxg6 10. g5 Nh5 11. h4 a6 12. Qb3 b5 13. c5 a5 14. e4 dxe4 15. Qc2 f5
16. Nxe4 fxe4 17. Qxe4 Nb8 18. Bh3 Qe7 19. Bxe6 Kd8 20. Be3 Kc7 21. a4 b4 22. d5
cxd5 23. Qe5+ Kd8 24. Qxd5+ Ke8 25. Qxa8 Qxe6 26. O-O-O Qc8 27. Rhe1 Kf7 28.
Qd5+ Qe6 29. Qxe6+ Kxe6 30. Bf4+ Kf5 31. Bxb8 Nf4 32. f3 Bxc5 33. Re5# 1-0

[Event "Let's Play Chess!"]
[Site "http://www.queenalice.com/game.php?id=1873805"]
[Date "2026.5.22"]
[Round "-"]
[White "alow_proton"]
[Black "WoodpusherKid"]
[Result "0-1"]
[WhiteElo "2095"]
[BlackElo "2703"]

1. e4 e5 2. f4 exf4 3. Nf3 Nf6 4. e5 Nh5 5. Bc4 d5 6. exd6 Bxd6 7. O-O Nc6 8.
Re1+ Be7 9. d4 O-O 10. a3 Re8 11. b4 Bf6 12. c3 Rxe1+ 13. Nxe1 g6 14. Be2 Nxd4
15. Bxh5 gxh5 16. Bxf4 Bg4 17. Qd3 Ne2+ 18. Kf1 Nxf4 19. Qc4 Be2+ 0-1

[Event "Let's Play Chess!"]
[Site "http://www.queenalice.com/game.php?id=1873821"]
[Date "2026.5.23"]
[Round "-"]
[White "alow_proton"]
[Black "Capixabba789"]
[Result "1-0"]
[WhiteElo "2077"]
[BlackElo "1793"]

1. e4 Nf6 2. e5 Nd5 3. c4 Nb6 4. Nc3 d5 5. c5 d4 6. cxb6 dxc3 7. bxc3 axb6 8.
Nf3 e6 9. d4 c6 10. Bc4 Be7 11. O-O b5 12. Bb3 Nd7 13. a4 Nb6 14. Be3 bxa4 15.
Bxa4 O-O 16. Bb3 Bd7 17. Qd2 Nd5 18. c4 Nxe3 19. Qxe3 Qb6 20. Rfb1 Rxa1 21. Rxa1
c5 22. Qd3 Bc6 23. d5 exd5 24. cxd5 Bb5 25. d6 Bd8 26. Qc3 Qc6 27. Rc1 b6 28.
Rd1 Ba6 29. Ra1 Qb5 30. Nd2 h6 31. Bc4 Qb4 32. Qxb4 cxb4 33. Bxa6 1-0

[Event "Let's Play Chess!"]
[Site "http://www.queenalice.com/game.php?id=1873828"]
[Date "2026.5.23"]
[Round "-"]
[White "Capixabba789"]
[Black "alow_proton"]
[Result "1-0"]
[WhiteElo "1801"]
[BlackElo "2093"]

1. d4 d5 2. Nc3 Nf6 3. f4 e6 4. Nf3 c5 5. e3 a6 6. Be2 c4 7. O-O Be7 8. Ne5 b5
9. Bf3 O-O 10. Ne2 Bb7 11. Ng3 Ne8 12. c3 f6 13. Ng4 Nd6 14. b4 Bc6 15. Bb2 Nd7
16. a3 Nb6 17. Qe1 Ne4 18. Nxe4 dxe4 19. Be2 Nd5 20. Rd1 Bd6 21. Bc1 a5 22. Kh1
axb4 23. axb4 Ra1 24. Bd2 Rxd1 25. Bxd1 Qa8 26. Bc2 Qa3 27. Qa1 Ra8 28. Qxa3
Rxa3 29. Bxe4 Ra2 30. Rd1 h5 31. Bxd5 Bxd5 32. Nf2 f5 33. Nh3 Kf7 34. Ng5+ Kg6
35. h3 h4 36. Nf3 Kh5 37. Be1 Be7 38. Bd2 g5 39. fxg5 Bxg5 40. Kh2 Be7 41. Ne5
Bg5 42. g4+ hxg3+ 43. Kxg3 Bh4+ 44. Kf4 Bd8 45. Nf7 Bc7+ 46. Ne5 Kh4 47. Be1+
Kxh3 48. Rd2 Ra1 49. Bf2 Bd8 50. Nf7 Be7 51. Ne5 Rc1 52. Bg3 Rxc3 53. Rh2# 1-0

[Event "Challenge"]
[Site "http://www.queenalice.com/game.php?id=1873943"]
[Date "2026.5.26"]
[Round "-"]
[White "alow_proton"]
[Black "Mlintz"]
[Result "1-0"]
[WhiteElo "2091"]
[BlackElo "1792"]

1. e4 Nc6 2. d4 d5 3. e5 g6 4. Bg5 Bg7 5. Nf3 h6 6. Bh4 f6 7. Bg3 fxe5 8. Nxe5
Nf6 9. Nxg6 Bf5 10. Nxh8 Bxh8 11. Bb5 Bd7 12. O-O 1-0

[Event "Let's Play Chess!"]
[Site "http://www.queenalice.com/game.php?id=1873946"]
[Date "2026.5.27"]
[Round "-"]
[White "alow_proton"]
[Black "Capixabba789"]
[Result "1-0"]
[WhiteElo "2041"]
[BlackElo "1889"]

1. e4 e5 2. f4 exf4 3. Nf3 d6 4. Bc4 Be7 5. O-O Nf6 6. d3 O-O 7. Bxf4 Nc6 8. a3
Bg4 9. c3 a6 10. b4 b5 11. Bb3 Ne5 12. Bxe5 dxe5 13. Qc2 Bd6 14. Nbd2 Re8 15. c4
c5 16. Qc3 cxb4 17. axb4 Qe7 18. c5 Bc7 19. h3 Bh5 20. g4 Bg6 21. Nh4 Nxe4 22.
Nxg6 Nxc3 23. Nxe7+ Rxe7 24. Rf3 Ne2+ 25. Kh2 Nd4 26. Re3 h6 27. Bd5 Nc2 28.
Ree1 Nxe1 29. Bxa8 Nxd3 30. Rb1 e4+ 31. Kg1 e3 32. Nf3 Bf4 33. Ne1 Nf2 34. Kg2
g5 35. c6 Ne4 36. Rc1 Nd2 37. Bb7 Rxb7 38. cxb7 Nc4 39. Nd3 Bc7 40. Nb2 Bf4 41.
Nxc4 bxc4 42. Rxc4 Kg7 43. Rc8 Kf6 44. b8=Q Bxb8 45. Rxb8 Ke5 46. Kf3 1-0

[Event "Let's Play Chess!"]
[Site "http://www.queenalice.com/game.php?id=1873947"]
[Date "2026.5.27"]
[Round "-"]
[White "Capixabba789"]
[Black "alow_proton"]
[Result "0-1"]
[WhiteElo "1813"]
[BlackElo "2086"]

1. d4 d5 2. f4 Nf6 3. Nf3 e6 4. e3 c5 5. Be2 Nc6 6. O-O c4 7. c3 Bd6 8. Ne5 O-O
9. Nd2 Qc7 10. Ndf3 Ne8 11. Bd2 b5 12. a3 Na5 13. Rb1 Nb3 14. Ng5 f6 15. Nxh7
Kxh7 16. Ng4 f5 17. Ne5 g6 18. Qe1 Nf6 19. Qh4+ Kg7 20. Be1 Qd8 21. Qg5 Qe8 22.
h4 Ne4 23. h5 Bxe5 24. h6+ Kh7 25. fxe5 Nxg5 0-1

[Event "Let's Play Chess!"]
[Site "http://www.queenalice.com/game.php?id=1873980"]
[Date "2026.5.29"]
[Round "-"]
[White "alow_proton"]
[Black "Capixabba789"]
[Result "1-0"]
[WhiteElo "2051"]
[BlackElo "1888"]

1. e4 e5 2. f4 d5 3. exd5 exf4 4. Nf3 Be7 5. Bb5+ Kf8 6. O-O Qxd5 7. Nc3 Qd8 8.
d4 c6 9. Bc4 Nf6 10. Bxf4 Bg4 11. Qd3 Bh5 12. Bb3 Bg6 13. Qd2 Nbd7 14. Rae1 Nb6
15. Nh4 Nbd5 16. Nxg6+ hxg6 17. Nxd5 Nxd5 18. Bg3 Bf6 19. c4 Ne3 20. Rxf6 Qxf6
21. Qxe3 Rd8 22. Be5 Qh4 23. c5 g5 24. Rf1 Rd7 25. Qf3 f6 26. Bd6+ Rxd6 27. cxd6
Qxh2+ 28. Kf2 Qh4+ 29. Ke2 Qxd4 30. Rd1 Qxb2+ 31. Rd2 Qe5+ 32. Qe3 Qxe3+ 33.
Kxe3 Ke8 34. Ke4 Kd7 35. Kf5 Rh6 36. Be6+ 1-0

[Event "Let's Play Chess!"]
[Site "http://www.queenalice.com/game.php?id=1873981"]
[Date "2026.5.29"]
[Round "-"]
[White "Capixabba789"]
[Black "alow_proton"]
[Result "0-1"]
[WhiteElo "1868"]
[BlackElo "2040"]

1. d4 d5 2. Nc3 Nf6 3. f4 e6 4. Nf3 c5 5. e3 Nc6 6. Be2 a6 7. O-O c4 8. Ne5 Be7
9. Bf3 O-O 10. Ne2 Ne8 11. c3 f6 12. Ng4 Bd7 13. Ng3 Nc7 14. a3 Na5 15. Bd2 Nb3
16. Rb1 a5 17. Re1 Ba4 18. Qe2 Bc6 19. Red1 Nxd2 20. Qxd2 Ba4 21. Re1 f5 22. Ne5
Bh4 23. Rf1 Ne8 24. Nh5 Be7 25. Qe2 Nf6 26. Nxf6+ Bxf6 27. Qf2 Qe8 28. Kh1 Kh8
29. g4 Bxe5 30. dxe5 g6 31. g5 Kg7 32. Qh4 Rh8 33. Qh6+ Kf7 34. Rg1 Qf8 35. Qh3
h5 36. Bd1 Qe8 37. Bxa4 Qxa4 38. Qf3 b5 39. Rgc1 b4 40. axb4 axb4 41. cxb4 Qxb4
42. h4 Ra2 43. Qe2 Rc8 44. Qc2 Rb8 45. Kg1 Rxb2 46. Rxb2 Qxb2 47. Qd1 Rb3 0-1

[Event "Let's Play Chess!"]
[Site "http://www.queenalice.com/game.php?id=1874195"]
[Date "2026.5.31"]
[Round "-"]
[White "alow_proton"]
[Black "Capixabba789"]
[Result "0-1"]
[WhiteElo "2049"]
[BlackElo "1834"]

1. e4 e5 2. f4 exf4 3. Nf3 d6 4. Bc4 Be7 5. O-O Nf6 6. Nc3 Nc6 7. a3 Ne5 8. Be2
O-O 9. d3 Be6 10. Bxf4 Nxf3+ 11. Bxf3 a6 12. Qe2 Rb8 13. d4 b5 14. d5 Bd7 15. e5
dxe5 16. Bxe5 Re8 17. b4 Bd6 18. Bxf6 Qxf6 19. Qd2 Be5 20. Ne4 Qb6+ 21. Nc5 Bxa1
22. Kh1 Qd6 23. Nxd7 Qxd7 24. Rxa1 h6 25. Qd3 Rb6 26. c4 bxc4 27. Qxc4 Rd6 28.
h3 Qe7 29. Rc1 Qe3 30. a4 Qf2 31. Qxc7 Re1+ 32. Kh2 Qg1+ 33. Kg3 Rg6+ 0-1

[Event "Let's Play Chess!"]
[Site "http://www.queenalice.com/game.php?id=1874197"]
[Date "2026.5.31"]
[Round "-"]
[White "Capixabba789"]
[Black "alow_proton"]
[Result "1/2-1/2"]
[WhiteElo "1863"]
[BlackElo "2026"]

1. d4 d5 2. Nc3 Nf6 3. f4 g6 4. Nf3 Bg7 5. e3 Bg4 6. Bd3 O-O 7. O-O a6 8. Qe1 b5
9. Ne5 Bc8 10. Ne2 Bb7 11. Ng3 e6 12. Bd2 Ne4 13. Nxe4 dxe4 14. Be2 f6 15. Ng4
Nd7 16. a3 c5 17. dxc5 Nxc5 18. Bb4 Qb6 19. Qc3 Na4 20. Qe1 Rfc8 21. Ba5 Qc6 22.
b3 Nb6 23. Rc1 Nd5 24. Qf2 Nc3 25. Bxc3 Qxc3 26. Rfd1 f5 27. Ne5 Bxe5 28. fxe5
Qxe5 29. c4 bxc4 30. Bxc4 Bd5 31. Bxd5 exd5 32. Rxc8+ Rxc8 33. Qd2 Rd8 34. Qd4
Qe7 35. b4 g5 36. h3 f4 37. exf4 gxf4 38. Re1 Qg7 39. Rxe4 Qxd4+ 40. Rxd4 f3 41.
gxf3 1/2-1/2